书目信息 |
| 题名: |
金属材料零部件失效分析基础与应用
|
|
| 作者: | 蒋小松 编 | |
| 分册: | ||
| 出版信息: | 成都 西南交通大学出版社 2021.12 |
|
| 页数: | 324页 | |
| 开本: | 26cm | |
| 丛书名: | 普通高等院校材料类“十四五”重点建设教材 | |
| 单 册: | ||
| 中图分类: | TG14 | |
| 科图分类: | ||
| 主题词: | 金属材料--jin shu cai liao--零部件--失效分析--高等学校--教材 | |
| 电子资源: | ||
| ISBN: | 978-7-5643-8265-0 | |
| 000 | 01419oam2 2200265 450 | |
| 001 | 011025153844 | |
| 005 | 20221025153844.0 | |
| 010 | @a978-7-5643-8265-0@dCNY59.00 | |
| 099 | @aCAL 012022046994 | |
| 100 | @a20201004d2021 em y0chiy0120 ea | |
| 101 | 0 | @achi |
| 102 | @aCN@b510000 | |
| 105 | @aak z 000yy | |
| 106 | @ar | |
| 200 | 1 | @a金属材料零部件失效分析基础与应用@Ajin shu cai liao ling bu jian shi xiao fen xi ji chu yu ying yong@f蒋小松等 编著 |
| 210 | @a成都@c西南交通大学出版社@d2021.12 | |
| 215 | @a324页@c图@d26cm | |
| 225 | 2 | @a普通高等院校材料类“十四五”重点建设教材@Apu tong gao deng yuan jiao cai liao lei shi si wu chong dian jian she jiao cai |
| 304 | @a题名页其余责任者:杨川、高国庆、崔国栋 | |
| 330 | @a本书为高等院校材料科学与工程、机械设计与制造等专业教材,主要应用失效分析工程学的观点和方法,系统地介绍了金属零件在使用过程中发生断裂、磨损、腐蚀失效的形貌特征、影响因素、预防措施及具体的分析方法,简要地介绍了金属零件加工缺陷对失效的影响。本书强调断口分析在失效分析中的重要意义,分析了断口位置、特征与零件失效的关系,着重于各类失效特征的描述和失效分析思路及其方法的运用,强调理论与实践的结合,给出了较为丰富的典型失效分析实例,针对性强。 | |
| 410 | 0 | @12001 @a普通高等院校材料类“十四五”重点建设教材 |
| 606 | 0 | @a金属材料@Ajin shu cai liao@x零部件@x失效分析@x高等学校@j教材 |
| 690 | @aTG14@v5 | |
| 701 | 0 | @a蒋小松@Ajiang xiao song@4编 |
| 905 | @a河南城建学院图书馆@dTG14@eJ596 | |
| 金属材料零部件失效分析基础与应用/蒋小松等 编著.-成都:西南交通大学出版社,2021.12 |
| 324页:图;26cm.-(普通高等院校材料类“十四五”重点建设教材) |
| ISBN 978-7-5643-8265-0:CNY59.00 |
| 本书为高等院校材料科学与工程、机械设计与制造等专业教材,主要应用失效分析工程学的观点和方法,系统地介绍了金属零件在使用过程中发生断裂、磨损、腐蚀失效的形貌特征、影响因素、预防措施及具体的分析方法,简要地介绍了金属零件加工缺陷对失效的影响。本书强调断口分析在失效分析中的重要意义,分析了断口位置、特征与零件失效的关系,着重于各类失效特征的描述和失效分析思路及其方法的运用,强调理论与实践的结合,给出了较为丰富的典型失效分析实例,针对性强。 |
| ● |
| 相关链接 |
|
|
|
正题名:金属材料零部件失效分析基础与应用
索取号:TG14/J596
 
预约/预借
| 序号 | 登录号 | 条形码 | 馆藏地/架位号 | 状态 | 备注 |
| 1 | 1589849 | 215898492 | 自科库501/501自科库 24排3列1层/ [索取号:TG14/J596] | 在馆 | |
| 2 | 1589850 | 215898508 | 自科库501/501自科库 24排3列1层/ [索取号:TG14/J596] | 在馆 |